000 00517nam a2200181Ia 4500
008 140925s9999 xx 000 0 und d
020 _a1464-0538
245 _aAnnual Review of Critical Psychology /
_h[electronic resource]
260 _bDiscourseunit,
_cc2014.
516 _aElectronic text
650 _aAnnual Review.
650 _aCritical psychology.
650 _aPsychology.
830 _aDiscourseunit
856 _uhttp://www.discourseunit.com/annual-review/
942 _cEJ
999 _c275621
_d275621